01012cam a22002651 4500001001300000003000400013005001700017008004100034010001700075035001900092040004800111042001200159050002500171082002400196100004400220245017000264260002000434300001800454410007500472500007400547504002500621650002500646650003600671700003900707gs 45000100 DLC20260227111351.0780524s1945 nmu 000 0 eng c ags 45000100  a(OCoLC)3922485 aU. S. Geological Survey. LibrarycTxEUdDLC apremarc00aTN24.N6bA232 no. 23 a(622.0711789) 551.71 aKing, Robert E.q(Robert Evans),d1906-10aStratigraphy and oil-producing zones of the pre-San Andres formations of southeastern New Mexico,ba preliminary report. With an explanatory note by Robert L. Bates. aSocorro,c1945. a34 p.c23 cm.10aNew Mexico.bBureau of Mines and Mineral Resources.tBulletin,vno. 23 a"May be considered a supplement to Bulletin 18 of this series": p. 6. a"References": p. 29. 0aGeologyzNew Mexico. 0aPetroleumxGeologyzNew Mexico.1 aBates, Robert Latimer,d1912- .